[Event "Match"]
[Site "www.echecsemail.com"]
[Date "2017.09.01"]
[Round "1"]
[White "Pwain"]
[Black "Cjood"]
[WhiteElo "2470"]
[BlackElo "1920"]
[Result "1-0"]
[Round "1"]
1.e4 e5
2.Ng1f3 Ng8f6
3.d4 exd4
4.e5 Qd8e7
5.Bf1e2 Qe7b4
6.c3 dxc3
7.bxc3 Qb4g4
8.exf6 gxf6
9.Qd1d4 Qg4xg2
10.Rh1g1 c5
11.Qd4e4 { resign }
1-0

[Event "Match"]
[Site "www.echecsemail.com"]
[Date "2017.09.01"]
[Round "1"]
[White "Chessington"]
[Black "Jacks"]
[WhiteElo "2720"]
[BlackElo "2800"]
[Result "1/2-1/2"]
[Round "1"]
1.Ng1f3 d5
2.g3 c6
3.Bf1g2 Bc8g4
4.Nf3e5 Bg4f5
5.d3 Nb8d7
6.Ne5xd7 Qd8xd7
7.e4 dxe4
8.dxe4 Qd7xd1
9.Kxd1 Bf5d7
10.Bc1e3 e5
11.Nb1d2 Ng8f6
12.f3 Bd7e6
{ draw }
1/2-1/2

[Event "Match"]
[Site "www.echecsemail.com"]
[Date "2017.09.01"]
[Round "1"]
[White "Theo64"]
[Black "Billyg"]
[WhiteElo "1729"]
[BlackElo "1730"]
[Result "0-1"]
[Round "1"]
1.e4 e5
2.Ng1f3 d6
3.d4 Bc8g4
4.dxe5 Bg4xf3
5.gxf3 Nb8c6
6.exd6 cxd6
7.Bc1f4 g5
8.Bf1b5 gxf4
{ resign }
0-1

[Event "Match"]
[Site "www.echecsemail.com"]
[Date "2017.09.01"]
[Round "1"]
[White "Azorau"]
[Black "Caspito"]
[WhiteElo "1860"]
[BlackElo "1970"]
[Result "0-1"]
[Round "1"]
1.e4 e5
2.Ng1f3 Nb8c6
3.Bf1c4 h6
4.c3 Ng8f6
5.d3 b6
6.Qd1b3 Qd8e7
7.Nf3h4 Nf6xe4
8.Nh4f5 Nc6a5
9.Nf5xe7 Na5xb3
10.axb3 Ne4xf2
11.Kxf2 Bf8xe7
12.Rh1e1 d6
13.Bc4d5 Ra8b8
14.Nb1a3 Bc8b7
15.Bd5xb7 Rb8xb7
16.Na3c4 O-O
17.Kg1 b5
18.Nc4a5 Rb7b6
19.c4 bxc4
20.bxc4 Kh7
21.b3 c6
22.Bc1d2 c5
23.Re1e3 f5
24.Re3h3 g5
25.Kh1 f4
26.Ra1f1 Kg6
27.g4 Rf8f7
28.Rh3f3 Be7d8
29.b4 cxb4
30.Na5b3 Rb6b8
31.c5 dxc5
32.Nb3xc5 a5
33.Rf1a1 h5
34.gxh5 Kxh5
35.Rf3h3 Kg6
36.Rh3f3 Kf5
37.Nc5b3 g4
38.Rf3f1 Bd8c7
39.Nb3c5 Rf7h7
40.d4 g3
41.Kg2 Rh7xh2
42.Kf3 Rh2xd2
43.dxe5 Bc7xe5
44.Ra1xa5 b3
45.Rf1b1 Rd2f2
{ resign }
0-1

[Event "Match"]
[Site "www.echecsemail.com"]
[Date "2017.09.01"]
[Round "1"]
[White "Azocarwagner"]
[Black "Iko"]
[WhiteElo "1870"]
[BlackElo "1610"]
[Result "1-0"]
[Round "1"]
1.Ng1f3 f6
2.e4 Nb8c6
3.Bf1b5 Nc6e5
4.O-O c6
5.Bb5c4 Ne5xc4
6.b3 Nc4d6
7.Nb1c3 b5
8.Rf1e1 Ng8h6
9.d4 Bc8a6
10.e5 fxe5
11.Re1xe5 Qd8a5
12.Bc1d2 Qa5a3
13.Bd2c1 Qa3b4
14.Bc1d2 Nh6g4
15.Nc3d5 Qb4a3
16.Bd2b4 Qa3b2
17.Nd5c7 Kd8
18.Nc7xa6 Ng4xe5
19.dxe5 Nd6e4
20.e6 Ke8
21.Na6c7 Kd8
22.Qd1xd7 
1-0

[Event "Match"]
[Site "www.echecsemail.com"]
[Date "2017.09.01"]
[Round "1"]
[White "Azorau"]
[Black "Billyg"]
[WhiteElo "1860"]
[BlackElo "1730"]
[Result "0-1"]
[Round "1"]
1.e4 e6
2.d4 h6
3.e5 d5
4.Ng1f3 a6
5.g3 Nb8c6
6.Bf1g2 f6
7.Nf3h4 Nc6e7
8.O-O fxe5
9.c3 exd4
10.Rf1e1 dxc3
11.Nb1xc3 b5
12.Qd1h5 Kd7
13.Qh5g4 Ke8
14.Nh4g6 e5
15.Qg4h5 Ng8f6
16.Qh5h4 Ne7xg6
17.Re1xe5 Ng6xe5
18.Bg2xd5 Nf6xd5
19.Qh4e4 Qd8d6
20.f4 Nd5xc3
21.bxc3 Ra8a7
22.fxe5 Qd6d1
23.Kf2 Bf8c5
24.Bc1e3 Bc5xe3
25.Qe4xe3 Qd1xa1
26.Qe3xa7 Rh8f8
27.Ke2 Bc8g4
28.Kd3 Rf8f3
29.Kd4 Qa1xc3
30.Kd5 Qc3d3
31.Kc6 Qd3c4
32.Kb7 Qc4d5
33.Kb8 Qd5d8
34.Kb7 Rf3c3
35.Qa7f2 Bg4f3
36.Kxa6 Qd8d5
37.Qf2e1 Rc3a3
{ resign }
0-1

[Event "1/128 Finale"]
[Site "www.chess-mail.com"]
[Date "2017.09.01"]
[Round "1"]
[White "Redapond1"]
[Black "Hennie4820"]
[WhiteElo "1800"]
[BlackElo "2050"]
[Result "0-1"]
[Round "1"]
1.d4 Ng8f6
2.Bc1f4 g6
3.Nb1c3 Bf8g7
4.Nc3b5 d6
5.Ng1f3 a6
6.Nb5c3 O-O
7.d5 e5
8.dxe6 Bc8xe6
9.e3 Nb8c6
10.Bf1d3 Nf6h5
11.O-O Nh5xf4
12.exf4 Bg7xc3
13.bxc3 Qd8d7
14.h3 Ra8e8
15.Ra1b1 Nc6a5
16.Nf3d4 b6
17.Bd3xa6 Be6xa2
18.Rb1a1 Ba2e6
19.Ba6b5 c6
 { time }
0-1

[Event "Tourn. n9439"]
[Site "www.chess-mail.com"]
[Date "2017.09.02"]
[Round "1"]
[White "Cal"]
[Black "Azulmarino"]
[WhiteElo "1630"]
[BlackElo "1600"]
[Result "1-0"]
[Round "1"]
1.c4 c5
2.Ng1f3 Nb8c6
3.h3 Ng8f6
4.Nb1c3 e6
5.d3 h6
6.e4 Bf8e7
7.a3 a6
8.Bc1f4 d6
9.Bf1e2 Qd8b6
10.O-O Qb6xb2
11.Bf4d2 Qb2b6
12.Ra1b1 Qb6a5
13.Nc3d5 Qa5d8
14.Nd5xf6 Be7xf6
15.Bd2f4 Bf6d4
16.Nf3h2 Qd8f6
17.Nh2g4 Qf6xf4
18.Be2f3 e5
19.Ng4h2 Qf4g5
20.Kh1 f5
21.exf5 Bc8xf5
22.Rb1xb7 Ra8c8
23.Bf3xc6 Kd8
24.Qd1f3 Rc8c7
25.Rb7b8 Bf5c8
26.Qf3d5 Qg5g6
27.f4 Rh8e8
28.f5 Qg6f6
29.Nh2g4 Ke7
30.Ng4xf6 Kxf6
31.Bc6xe8 Bc8xf5
32.g4 Kg5
33.Rf1xf5 Kh4
34.Kg2 Rc7e7
35.Rf5h5 { resign }
1-0

[Event "Tourn. n9454"]
[Site "www.chess-mail.com"]
[Date "2017.09.02"]
[Round "1"]
[White "Panamski"]
[Black "Abuelo"]
[WhiteElo "2220"]
[BlackElo "2180"]
[Result "0-1"]
[Round "1"]
1.e4 e5
2.Ng1f3 d6
3.d4 exd4
4.Qd1xd4 Nb8c6
5.Bf1b5 Bc8d7
6.Bb5xc6 Bd7xc6
7.O-O Ng8f6
8.Bc1g5 Bf8e7
9.Nb1c3 h6
10.Bg5h4 O-O
11.Ra1d1 Nf6h7
12.Bh4xe7 Qd8xe7
13.Nc3d5 Bc6xd5
14.exd5 Nh7f6
15.Rf1e1 Qe7d7
16.h3 b6
 { time }
0-1

[Event "Tourn. n9445"]
[Site "www.chess-mail.com"]
[Date "2017.09.02"]
[Round "1"]
[White "Seger"]
[Black "Pdebonis"]
[WhiteElo "2710"]
[BlackElo "2700"]
[Result "1/2-1/2"]
[Round "1"]
1.d4 Ng8f6
2.c4 e6
3.Nb1c3 Bf8b4
4.g3 d5
5.Bf1g2 O-O
6.a3 Bb4xc3
7.bxc3 dxc4
8.Qd1a4 Bc8d7
9.Qa4xc4 Bd7c6
10.f3 Qd8d5
11.Qc4b4 Bc6b5
12.e4 Qd5c6
13.Kf2 a5
14.Qb4b2 Nb8d7
15.Ng1e2 Nd7b6
16.Qb2c2 Ra8d8
17.Rh1e1 e5
18.Bg2f1 Nf6d7
19.Kg1 a4
20.Bf1g2 Bb5c4
21.Bc1e3 Bc4b3
22.Qc2c1 Nb6c4
23.Be3f2 b5
24.g4 f6
25.Ne2g3 g6
26.f4 Qc6d6
27.f5 g5
{ draw }
1/2-1/2

[Event "Tourn. n9437"]
[Site "www.chess-mail.com"]
[Date "2017.09.02"]
[Round "1"]
[White "Fieldfast"]
[Black "Pdebonis"]
[WhiteElo "2430"]
[BlackElo "2700"]
[Result "1/2-1/2"]
[Round "1"]
1.d4 Ng8f6
2.Ng1f3 e6
3.c4 c5
4.e3 d5
5.cxd5 exd5
6.Bf1b5 Nb8c6
7.O-O Bf8d6
8.dxc5 Bd6xc5
9.b3 O-O
10.Nb1c3 a6
11.Bb5xc6 bxc6
12.Bc1b2 Bc5d6
13.Ra1c1 Bc8b7
14.Nc3a4 Nf6e4
15.Nf3d4 Qd8g5
16.f4 Qg5g6
17.Nd4xc6 Ra8c8
18.Nc6e5 Rc8xc1
19.Qd1xc1 Qg6e6
20.Ne5f3 Rf8c8
21.Qc1b1 Bd6f8
22.Qb1d3 a5
23.Rf1d1 h5
24.Nf3d4 Qe6g4
25.Qd3e2 Bf8b4
26.Qe2xg4 hxg4
27.Na4b6 Rc8c5
28.Nb6d7 Rc5c7
29.Nd7e5 g3
{ draw }
1/2-1/2

[Event "Tourn. n9511"]
[Site "www.chess-mail.com"]
[Date "2017.09.02"]
[Round "1"]
[White "Cjood"]
[Black "Welberth"]
[WhiteElo "1990"]
[BlackElo "1900"]
[Result "0-1"]
[Round "1"]
1.e3 e5
2.Bf1c4 d5
3.Bc4b3 Ng8f6
4.d3 Nb8c6
5.c3 Bf8d6
6.Ng1e2 Bc8e6
7.d4 O-O
8.Nb1d2 e4
9.f3 Nc6e7
10.fxe4 Nf6xe4
11.Nd2xe4 dxe4
12.Bb3xe6 fxe6
13.Qd1c2 e5
14.Qc2xe4 exd4
15.Ne2xd4 Qd8d7
16.Qe4xb7 Ra8b8
17.Qb7e4 Rb8e8
18.Bc1d2 Ne7f5
19.Qe4d5 Kh8
20.Nd4xf5 Rf8xf5
21.Qd5d4 Rf5d5
22.Qd4c4 Bd6g3
23.hxg3 Rd5xd2
24.Qc4f4 Qd7d3
25.Rh1xh7 Kxh7
{ resign }
0-1

[Event "Tourn. n9484"]
[Site "www.chess-mail.com"]
[Date "2017.09.02"]
[Round "1"]
[White "Azulmarino"]
[Black "Cal"]
[WhiteElo "1610"]
[BlackElo "1640"]
[Result "0-1"]
[Round "1"]
1.e4 e5
2.Ng1f3 d6
3.Nb1c3 h6
4.Bf1c4 Ng8f6
5.h3 a6
6.Nc3d5 b5
7.Bc4b3 Bc8e6
8.d3 Nb8c6
9.a3 Nc6d4
10.Nf3xd4 Be6xd5
11.Nd4f3 Bd5xb3
12.cxb3 c5
 { time }
0-1

[Event "Tourn. n9436"]
[Site "www.chess-mail.com"]
[Date "2017.09.02"]
[Round "1"]
[White "Pachi"]
[Black "Robinjut"]
[WhiteElo "1590"]
[BlackElo "1640"]
[Result "0-1"]
[Round "1"]
1.e4 e5
2.Ng1f3 d6
3.d4 Nb8d7
4.Bf1c4 Nd7b6
5.b3 a6
6.Nf3g5 Ng8h6
7.O-O f6
8.Ng5e6 Bc8xe6
9.Bc4xe6 Qd8e7
10.Be6d5 Nb6xd5
11.exd5 Qe7d7
12.h3 Nh6f5
13.Bc1h6 Nf5xh6
14.dxe5 dxe5
15.Nb1c3 Bf8c5
16.Ra1b1 Bc5d4
17.Qd1h5 Nh6f7
18.Nc3a4 Qd7xd5
19.Rb1d1 O-O-O
20.c3 b5
21.Na4b2 g6
22.Qh5h4 Bd4xf2
23.Qh4xf2 Qd5c6
24.c4 b4
25.Nb2d3 a5
26.Qf2a7 Qc6b6
27.Qa7xb6 cxb6
28.Rf1xf6 e4
29.Rf6xf7 exd3
30.Rf7f6 d2
31.Rf6xb6 Rh8e8
32.Rb6a6 Re8e1
33.Rd1xe1 dxe1Q
34.Kh2 Qe1e5
35.g3 Rd8d2
36.Kg1 Qe5e1
{ resign }
0-1

[Event "Match"]
[Site "www.echecsemail.com"]
[Date "2017.09.02"]
[Round "1"]
[White "Coraza"]
[Black "Whitekknight"]
[WhiteElo "1860"]
[BlackElo "1940"]
[Result "0-1"]
[Round "1"]
1.c4 c6
2.e4 e6
3.d4 d5
4.exd5 cxd5
5.c5 Nb8c6
6.Ng1f3 Ng8f6
7.Bf1b5 Bc8d7
8.Bb5xc6 Bd7xc6
9.O-O Bf8e7
10.Nf3e5 Bc6b5
11.Rf1e1 Nf6d7
12.Qd1f3 Be7f6
13.Ne5xd7 Qd8xd7
14.Nb1c3 Bf6xd4
15.Nc3d1 Bd4xc5
16.Nd1c3 Bb5c6
17.a3 O-O
18.Qf3g3 Bc5d6
19.Qg3g4 Kh8
20.b4 f5
21.Qg4e2 Ra8e8
22.b5 Qd7c7
23.bxc6 bxc6
24.g3 h6
25.Qe2h5 Kh7
26.Nc3d1 Qc7e7
27.Bc1g5 Qe7xg5
28.Qh5e2 e5
29.Nd1e3 f4
30.h4 Qg5g6
31.h5 Qg6f6
32.Ne3g4 Qf6g5
33.Ng4h2 fxg3
34.fxg3 Qg5xg3
35.Kh1 Rf8f2
{ resign }
0-1

[Event "Match"]
[Site "www.echecsemail.com"]
[Date "2017.09.02"]
[Round "1"]
[White "Dussek"]
[Black "Sonny1000"]
[WhiteElo "1870"]
[BlackElo "1540"]
[Result "1-0"]
[Round "1"]
1.e4 e5
2.d4 Nb8c6
3.d5 Nc6a5
4.Nb1c3 c6
5.b4 Bf8xb4
6.Bc1d2 Bb4xc3
7.Bd2xc3 g6
8.Bc3xe5 f6
9.Be5d6 c5
10.Bd6xc5 d6
11.Bc5b4 a6
12.Ng1f3 Qd8e7
13.Bb4xa5 Qe7xe4
14.Bf1e2 Qe4a4
15.Ba5c7 Qa4b4
16.Nf3d2 Qb4g4
17.Be2xg4 f5
18.Bg4f3 f4
19.Bc7xd6 h5
20.Qd1e2 Kd7
21.Qe2e6 Kd8
22.Qe6xg6 Bc8d7
23.Qg6g7 { resign }
1-0

[Event "Match"]
[Site "www.echecsemail.com"]
[Date "2017.09.02"]
[Round "1"]
[White "Cjood"]
[Black "Pinehill"]
[WhiteElo "1920"]
[BlackElo "2110"]
[Result "1-0"]
[Round "1"]
1.f4 d5
2.Ng1f3 Ng8f6
3.d3 e6
4.e3 c5
5.Bf1e2 Nb8c6
6.Bc1d2 Bf8d6
7.O-O O-O
8.c3 a6
9.a3 b5
10.Qd1c2 Bc8b7
11.e4 dxe4
12.dxe4 Nf6d7
13.e5 Bd6e7
14.Nf3g5 Be7xg5
15.fxg5 Nd7xe5
16.Bd2f4 Ne5g6
17.Nb1d2 Ng6xf4
18.Rf1xf4 Qd8c7
19.Rf4h4 g6
20.Be2d3 c4
21.Bd3e2 Nc6e7
22.Ra1f1 Ne7f5
23.Rh4h3 Qc7c6
24.Rf1f2 Ra8d8
25.Be2f3 Qc6b6
26.Bf3xb7 Qb6xb7
27.Nd2e4 Rd8d3
28.Ne4f6 { resign }
1-0

[Event "Match"]
[Site "www.echecsemail.com"]
[Date "2017.09.02"]
[Round "1"]
[White "Azulmarino"]
[Black "Ssharp"]
[WhiteElo "1570"]
[BlackElo "2220"]
[Result "0-1"]
[Round "1"]
1.e4 e5
2.Ng1f3 Nb8c6
3.Bf1c4 Bf8c5
4.d3 d6
5.a3 Ng8f6
6.Bc1g5 h6
7.Bg5xf6 Qd8xf6
8.b4 Bc5b6
9.Nb1c3 Bc8e6
10.Bc4b5 O-O
11.Qd1e2 Nc6d4
12.Nf3xd4 Bb6xd4
13.Rh1f1 Ra8d8
14.Qe2d2 c6
15.Bb5c4 Be6xc4
16.dxc4 Qf6e6
17.Qd2e2 Bd4xc3
{ resign }
0-1

[Event "Match"]
[Site "www.echecsemail.com"]
[Date "2017.09.02"]
[Round "1"]
[White "Raulazo"]
[Black "Cal"]
[WhiteElo "1890"]
[BlackElo "1640"]
[Result "1-0"]
[Round "1"]
1.e4 e5
2.Ng1f3 d6
3.Nb1c3 a6
4.Bf1c4 h6
5.Nf3g1 Ng8f6
6.Nc3d5 Nb8c6
7.c3 Bc8e6
8.Nd5xf6 gxf6
9.Bc4xe6 fxe6
10.Qd1h5 Kd7
11.Qh5f7 Bf8e7
12.Qf7h5 f5
13.d3 f4
14.b3 Qd8f8
15.a4 Be7g5
16.Qh5g4 Qf8f6
17.Bc1a3 Ra8g8
18.b4 Nc6e7
19.b5 axb5
20.axb5 b6
21.Ba3b4 h5
22.Qg4d1 h4
23.h3 Ne7g6
24.Ng1f3 Bg5h6
25.d4 exd4
26.Nf3xd4 Ng6e5
27.Rh1g1 Ne5c4
28.Qd1e2 Rg8g6
29.Qe2xc4 Rh8c8
30.Qc4c6 Ke7
31.Bb4xd6 Kf7
32.Qc6d7 Kg8
33.Qd7xc8 Kh7
34.Qc8xc7 Rg6g7
35.Qc7xb6 Rg7d7
36.Qb6c6 Qf6f7
37.Nd4f3 Qf7g7
38.Bd6e5 Rd7d3
39.Be5xg7 Bh6xg7
40.Qc6c7 Kh6
41.Qc7c5 Bg7f6
42.Ke2 Rd3xc3
43.Qc5f8 Kg6
44.e5 Bf6g7
45.Nf3xh4 Kh7
46.Ra1a7 Rc3c2
47.Kd1 Rc2xf2
48.Qf8xg7 { resign }
1-0

[Event "Match"]
[Site "www.echecsemail.com"]
[Date "2017.09.02"]
[Round "1"]
[White "Midknightblu"]
[Black "Sykdalion"]
[WhiteElo "1680"]
[BlackElo "1499"]
[Result "0-1"]
[Round "1"]
1.e4 c5
2.Bf1c4 e6
3.Ng1f3 Nb8c6
4.O-O d6
5.Bc4b5 Bc8d7
6.Bb5xc6 Bd7xc6
7.Nb1c3 Ng8f6
8.d3 Bf8e7
9.Bc1g5 O-O
10.Bg5xf6 Be7xf6
11.Qd1d2 b5
12.g3 b4
13.Nc3d1 d5
14.exd5 Bc6xd5
15.b3 Bf6xa1
16.Qd2e3 h6
17.Qe3c1 Ba1f6
18.Nf3d2 Bf6g5
19.Nd1e3 Bg5xe3
20.fxe3 Qd8g5
21.Nd2f3 Bd5xf3
22.Rf1xf3 Qg5g4
23.Qc1f1 a5
24.Rf3f4 Qg4g6
25.Qf1f3 e5
26.Rf4g4 Qg6e6
27.e4 a4
28.h3 axb3
29.cxb3 Ra8xa2
30.Qf3f1 Rf8a8
{ resign }
0-1

[Event "1/8 Finale"]
[Site "www.chess-mail.com"]
[Date "2017.09.02"]
[Round "1"]
[White "Sportuga"]
[Black "Vgrynyuk"]
[WhiteElo "2400"]
[BlackElo "2610"]
[Result "0-1"]
[Round "1"]
1.e4 e5
2.Ng1f3 Nb8c6
3.Bf1b5 a6
4.Bb5a4 Ng8f6
5.O-O Bf8e7
6.Rf1e1 b5
7.Ba4b3 d6
8.c3 O-O
9.h3 Nc6a5
10.Bb3c2 c5
11.a4 Bc8d7
12.d4 Qd8c7
13.Nb1d2 cxd4
14.cxd4 Ra8c8
15.Bc2d3 bxa4
16.Bd3xa6 Rc8b8
17.Ba6d3 Rf8c8
18.Bd3a6 Rc8d8
19.Ba6d3 Na5c6
20.d5 Nc6b4
21.Bd3c4 Rd8c8
22.Re1e3 Be7d8
23.b3 Qc7a7
24.Re3e1 Bd8b6
25.Re1f1 h6
26.Bc1a3 Bb6d4
27.Ra1b1 axb3
28.Nf3xd4 exd4
29.Ba3xb4 Rb8xb4
30.Bc4xb3 d3
31.Rf1e1 Qa7d4
32.Re1e3 Rc8c3
33.Rb1a1 Bd7b5
34.Nd2f3 Qd4c5
35.Nf3d2 g6
36.Ra1a8 Kg7
37.Ra8a1 Nf6d7
38.Ra1b1 Qc5b6
39.Rb1c1 Qb6d4
40.Rc1b1 Nd7c5
41.Nd2f3 Qd4f6
42.Bb3a2 Rb4xb1
43.Ba2xb1 Rc3b3
44.e5 dxe5
45.Re3xe5 Rb3b2
46.Re5e3 Bb5a4
47.Qd1e1 Ba4c2
48.Nf3d2 Qf6b6
{ resign }
0-1

[Event "1/16 Finale"]
[Site "www.chess-mail.com"]
[Date "2017.09.02"]
[Round "1"]
[White "Bevittsmith"]
[Black "Paulsyd"]
[WhiteElo "2250"]
[BlackElo "2370"]
[Result "0-1"]
[Round "1"]
1.e4 c5
2.Ng1f3 e6
3.d4 cxd4
4.Nf3xd4 a6
5.c4 Ng8f6
6.Nb1c3 Bf8b4
7.Bc1d2 O-O
8.e5 Bb4xc3
9.Bd2xc3 Nf6e4
10.Qd1c2 Ne4xc3
11.Qc2xc3 Qd8c7
12.f4 d6
13.Nd4f3 dxe5
14.fxe5 Bc8d7
15.Bf1e2 Bd7c6
16.O-O Nb8d7
17.b3 Bc6xf3
18.Be2xf3 Ra8c8
19.Ra1e1 b5
20.Re1e4 bxc4
21.bxc4 Qc7b6
22.Kh1 Rc8c5
23.Qc3d4 Qb6c7
{ resign }
0-1

[Event "1/128 Finale"]
[Site "www.chess-mail.com"]
[Date "2017.09.02"]
[Round "1"]
[White "Cjood"]
[Black "Fantomas"]
[WhiteElo "1970"]
[BlackElo "2140"]
[Result "0-1"]
[Round "1"]
1.e4 e5
2.Bf1c4 Nb8c6
3.Qd1f3 Qd8f6
4.Qf3xf6 Ng8xf6
5.Nb1c3 Nc6d4
6.Bc4d3 c6
7.Nc3e2 Nd4e6
8.g3 Bf8c5
9.h3 a6
10.c3 d5
11.exd5 cxd5
12.b4 Bc5a7
13.f3 O-O
14.a4 Bc8d7
15.Bd3c2 Ra8c8
16.d3 h6
17.Bc1b2 Ba7b8
18.Bc2b3 e4
19.dxe4 dxe4
20.f4 Ne6d8
21.Ne2d4 Nd8c6
22.Ng1e2 Nf6h5
23.g4 Nh5xf4
24.Bb2a3 Rf8e8
25.Ne2xf4 Bb8xf4
26.Rh1f1 g5
27.Nd4e2 Nc6e5
28.Bb3c2 Ne5g6
29.Ra1d1 Bd7c6
30.Ne2d4 Bc6d7
31.Nd4e2 Rc8c7
32.Rd1d4 f5
33.Bc2b3 Kg7
34.Ba3b2 fxg4
35.Ne2xf4 Ng6xf4
36.c4 Kg6
37.hxg4 Nf4d3
38.Kd2 Nd3xb2
39.Rf1e1 Nb2xa4
40.Re1xe4 Re8xe4
41.Rd4xe4 Na4b6
42.c5 Nb6c8
43.Bb3c2 Kf6
44.Re4d4 Bd7e6
45.Ke3 Nc8e7
46.Rd4d6 Rc7d7
47.Rd6b6 Ne7d5
{ resign }
0-1

[Event "Tourn. n9496"]
[Site "www.chess-mail.com"]
[Date "2017.09.03"]
[Round "1"]
[White "Coolant"]
[Black "Darko10"]
[WhiteElo "2290"]
[BlackElo "2810"]
[Result "0-1"]
[Round "1"]
1.Nb1c3 d5
2.d4 Ng8f6
3.Bc1g5 c5
4.Ng1f3 Nf6e4
5.Bg5f4 f6
6.e3 Qd8a5
7.Bf1b5 Nb8c6
8.O-O Ne4xc3
9.Bb5xc6 bxc6
10.Qd1d2 Nc3e2
11.Qd2xe2 Bc8a6
12.Qe2e1 Qa5b6
13.Qe1c3 cxd4
14.exd4 Ba6xf1
15.Ra1xf1 e6
16.Rf1e1 Kf7
17.Qc3e3 Ra8e8
18.b3 c5
19.c3 cxd4
20.cxd4 Bf8b4
21.Re1e2 Qb6a6
22.g4 Re8c8
{ resign }
0-1

[Event "Tourn. n9507"]
[Site "www.chess-mail.com"]
[Date "2017.09.03"]
[Round "1"]
[White "Luban"]
[Black "Ssharp"]
[WhiteElo "2100"]
[BlackElo "2190"]
[Result "1-0"]
[Round "1"]
1.d4 d5
2.Ng1f3 Ng8f6
3.h3 Bc8f5
4.a3 e6
5.e3 Bf8e7
6.c4 O-O
7.Nb1c3 c6
8.Bf1d3 Bf5xd3
9.Qd1xd3 Nb8d7
10.O-O Ra8c8
11.cxd5 cxd5
12.b3 Nd7b6
13.Bc1b2 Nb6c4
14.bxc4 { resign }
1-0

[Event "Tourn. n9413"]
[Site "www.chess-mail.com"]
[Date "2017.09.03"]
[Round "1"]
[White "Pachi"]
[Black "Passaroa25"]
[WhiteElo "1590"]
[BlackElo "1660"]
[Result "1-0"]
[Round "1"]
1.e4 c6
2.f3 d6
3.b3 Bc8e6
4.c4 f6
5.d3 Be6f7
6.Bc1e3 e5
7.d4 Ng8e7
8.dxe5 Ne7g6
9.exf6 Qd8xf6
10.Be3d4 Qf6h4
11.g3 Qh4e7
12.Bd4c3 Nb8d7
13.Bf1h3 Nd7e5
14.f4 Ne5d7
15.Bh3xd7 Qe7xd7
16.f5 Ng6e5
17.Bc3xe5 dxe5
18.Ng1f3 Bf8d6
19.Nf3g5 O-O-O
20.O-O Bd6c5
21.Kh1 Bc5d4
22.f6 Bd4xa1
23.fxg7 Qd7xd1
24.Rf1xd1 Rh8g8
25.Rd1xd8 Rg8xd8
26.Ng5xf7 Rd8g8
27.Nf7d6 Kb8
28.Nd6f5 h5
29.h3 Kc7
30.g4 hxg4
31.hxg4 Kd7
32.Nb1d2 c5
33.Nd2f3 Ke8
34.Nf3g5 Kd7
35.Kh2 Ba1c3
36.Kh3 a5
37.Kh4 Bc3e1
38.Kh5 Be1d2
39.Ng5f3 Bd2f4
40.Kg6 Ke6
41.Kh7 Rg8e8
42.g8Q Re8xg8
43.Kxg8 Bf4h6
44.g5 Bh6xg5
45.Nf3xg5 Kf6
46.Ng5h7 Kg6
47.Nh7f8 Kg5
48.Nf8d7 Kf4
49.Nf5d6 b6
50.Nd7xb6 Ke3
51.Nd6b7 Kxe4
52.Nb7xc5 Kd4
53.Nb6a4 e4
54.Nc5e6 Kd3
55.c5 e3
56.c6 e2
57.Ne6f4 Kc2
58.Nf4xe2 Kb1
59.c7 Kxa2
60.c8Q Kxb3
61.Na4c5 Kb4
62.Kf7 a4
63.Ke6 a3
64.Ne2c1 Kc3
65.Qc8a8 Kc2
66.Qa8xa3 Kd1
67.Qa3b2 { resign }
1-0

[Event "Tourn. n9422"]
[Site "www.chess-mail.com"]
[Date "2017.09.03"]
[Round "1"]
[White "Passaroa25"]
[Black "Cal"]
[WhiteElo "1680"]
[BlackElo "1620"]
[Result "0-1"]
[Round "1"]
1.e4 c5
2.c3 a6
3.d3 e5
4.Nb1d2 d6
5.Nd2c4 h6
6.f3 Ng8f6
7.Nc4e3 Bf8e7
8.Ne3f5 Bc8xf5
9.exf5 O-O
10.g4 b5
11.Bf1e2 d5
12.Bc1d2 Nb8c6
13.Ng1h3 Nf6h7
14.O-O Be7h4
15.Bd2e1 Bh4xe1
16.Qd1xe1 d4
17.a3 dxc3
18.bxc3 Nc6e7
19.Nh3f2 f6
20.Nf2e4 Ne7c6
21.Ne4xc5 a5
22.Nc5e6 Qd8d6
23.Ne6xf8 Ra8xf8
24.Kg2 Nh7g5
25.Qe1b1 Qd6c5
26.h4 Ng5f7
27.Qb1c2 Nf7d6
28.Qc2d2 Nc6e7
29.h5 Ne7d5
30.Kh3 Nd5f4
31.Kg3 Rf8d8
32.Qd2c2 Nd6f7
33.c4 bxc4
34.dxc4 Kh7
35.Rf1f2 Nf7g5
36.Rf2h2 Rd8d4
37.Kh4 Ng5f7
38.Be2f1 Nf7d6
39.a4 Nd6xc4
40.Bf1xc4 Rd4xc4
41.Qc2f2 Rc4d4
42.Kg3 Qc5d5
43.Ra1a3 Qd5d6
44.Qf2b2 e4
45.Rh2d2 Rd4xd2
46.Qb2b5 Nf4xh5
47.Kh4 Rd2h2

0-1

[Event "Tourn. n9507"]
[Site "www.chess-mail.com"]
[Date "2017.09.03"]
[Round "1"]
[White "Bojan"]
[Black "Luban"]
[WhiteElo "2020"]
[BlackElo "2100"]
[Result "0-1"]
[Round "1"]
1.e4 c5
2.Bf1c4 e6
3.Qd1g4 a6
4.f4 d5
5.Bc4b3 Ng8f6
6.Qg4f3 Nf6xe4
7.Ng1e2 Bf8e7
8.c3 O-O
9.Bb3c2 Ne4f6
10.d3 Nb8c6
11.b3 b5
12.a4 Bc8b7
13.axb5 axb5
14.Ra1xa8 Qd8xa8
15.Ne2g3 d4
16.Qf3d1 dxc3
17.Nb1xc3 b4
18.Nc3e2 Nc6d4
19.Ne2xd4 cxd4
20.Ng3e4 Nf6xe4
21.dxe4 Bb7xe4
22.Qd1d2 Be4xg2
23.Rh1g1 Be7h4
24.Ke2 Qa8f3

0-1

[Event "Tourn. n9335"]
[Site "www.chess-mail.com"]
[Date "2017.09.03"]
[Round "1"]
[White "Tartan"]
[Black "Paulsyd"]
[WhiteElo "2470"]
[BlackElo "2310"]
[Result "1-0"]
[Round "1"]
1.d4 Ng8f6
2.c4 c5
3.d5 b5
4.cxb5 a6
5.bxa6 g6
6.Nb1c3 Bc8xa6
7.Ng1f3 d6
8.e4 Ba6xf1
9.Kxf1 Bf8g7
10.g3 O-O
11.Kg2 Nb8d7
12.a4 Qd8b6
13.Qd1e2 Rf8b8
14.Nc3b5 Nf6e8
15.Bc1g5 f6
16.Bg5d2 Ne8c7
17.Nb5xc7 Qb6xc7
18.Bd2c3 Qc7b7
19.Rh1d1 Qb7a6
20.Qe2xa6 Ra8xa6
21.a5 Kf8
22.Rd1e1 Bg7h6
23.h4 Nd7e5
24.Nf3xe5 fxe5
25.h5 g5
26.b4 cxb4
27.Re1b1 Rb8c8
28.Bc3xb4 g4
29.Bb4e1 Rc8c2
30.Rb1b8 Kf7
31.Kf1 Bh6g5
32.Ra1a3 Kg7
33.Ra3a4 Rc2c1
34.Ke2 Rc1c2
35.Kd3 Rc2c1
36.Be1c3 Rc1d1
37.Kc4 Rd1f1
38.Kb5 Ra6a7
39.Kb6 Ra7d7
40.Ra4a2 Rf1c1
41.Bc3d2 Bg5xd2
42.Ra2xd2 Rc1a1
43.a6 Kf7
44.Rd2c2 Ra1a4
45.Rc2c8 Ra4xe4
46.Rb8b7 Re4b4
47.Ka7 Rd7xb7
48.axb7 { resign }
1-0

[Event "Tourn. n9485"]
[Site "www.chess-mail.com"]
[Date "2017.09.03"]
[Round "1"]
[White "Cal"]
[Black "Azulmarino"]
[WhiteElo "1660"]
[BlackElo "1590"]
[Result "1-0"]
[Round "1"]
1.d4 d5
2.h3 Nb8c6
3.e3 e6
4.a3 Ng8f6
5.Nb1c3 Bf8d6
6.Ng1f3 h6
7.Bf1d3 a6
8.b4 Bc8d7
{ time. }
1-0

[Event "Tourn. n9425"]
[Site "www.chess-mail.com"]
[Date "2017.09.03"]
[Round "1"]
[White "Jackbauer"]
[Black "Quaff"]
[WhiteElo "1870"]
[BlackElo "1850"]
[Result "0-1"]
[Round "1"]
1.e4 e5
2.f4 exf4
3.Ng1f3 g5
4.Bf1c4 d6
5.Bc4xf7 Kxf7
6.Nf3d4 Ng8f6
7.Nb1c3 Bc8g4
8.Nc3e2 Nf6xe4
9.O-O Bf8g7
10.c3 Bg7xd4
11.cxd4 Nb8c6
12.Qd1b3 Kg6
13.Qb3d3 Bg4f5
14.Qd3c4 d5
15.Qc4b3 b6
16.d3 Ne4f6
17.h3 Nc6a5
18.Qb3d1 Qd8d7
19.h4 gxh4
20.Ne2xf4 Kf7
21.b4 Na5c6
22.Bc1b2 h3
23.g3 Rh8g8
24.Kh2 Nf6g4
25.Kh1 Ng4h6
26.Qd1h5 Kg7
27.Bb2c1 Bf5g4
28.Qh5g5 Kh8
29.Qg5xh6 Nc6xb4
30.Rf1f2 Qd7g7
31.Qh6xg7 Rg8xg7
32.Ra1b1 a5
33.a3 Nb4c6
34.Bc1b2 Ra8d8
35.Rb1e1 Rg7e7
36.Re1xe7 Nc6xe7
37.Kh2 Ne7g6
38.Nf4xg6 hxg6
39.Bb2c1 Kg7
40.Bc1f4 Rd8d7
41.Bf4e5 Kh6
42.Rf2f8 c5
43.Rf8h8 Kg5
44.Rh8b8 cxd4
45.Rb8xb6 Bg4e2
46.Rb6a6 Be2xd3
47.Ra6xa5 Bd3c4
48.Kxh3 d3
49.Be5f4 Kf5
50.Kg2 Rd7b7
51.Kf2 Rb7b2
52.Kg1 d2
53.Bf4xd2 Rb2xd2
54.Ra5a7 Ke5
55.Ra7e7 Kd4
56.a4 Rd2a2
57.Re7a7 Kc3
58.a5 d4
59.Ra7g7 Ra2xa5
60.Rg7xg6 d3
61.Rg6d6 d2
62.Kf2 Ra5a1
63.Rd6xd2 Kxd2
64.g4 Ra1e1
65.g5 Re1e5
66.g6 Re5g5
{ resign }
0-1

[Event "Match"]
[Site "www.echecsemail.com"]
[Date "2017.09.03"]
[Round "1"]
[White "Cjood"]
[Black "Gambitmiau"]
[WhiteElo "1910"]
[BlackElo "1950"]
[Result "1/2-1/2"]
[Round "1"]
1.f4 d5
2.b3 Nb8c6
3.Bc1b2 d4
4.c4 Bc8f5
5.d3 e5
6.fxe5 Nc6xe5
7.g3 Bf8b4
8.Nb1d2 Ng8f6
9.Bf1g2 c6
10.a3 O-O
11.axb4 Rf8e8
12.Ng1f3 Ne5xd3
13.Kf1 Nd3xb2
14.Qd1c1 Nb2d3
15.exd3 Bf5xd3
16.Kg1 Bd3e2
17.h3 d3
18.Kh2 Nf6e4
19.Rh1e1 Ne4f2
20.h4 Nf2g4
21.Kg1 Be2xf3
22.Re1xe8 Qd8xe8
23.Bg2xf3 Qe8e3
24.Kh1 Ng4f2
25.Kg2 h6
26.Nd2f1 Qe3d4
27.Qc1e1 d2
28.Nf1xd2 Ra8d8
29.Ra1a2 Nf2d3
30.Qe1e4 Qd4c3
31.Qe4e7 Qc3d4
32.Nd2e4 Nd3e1
33.Kh3 Ne1xf3
34.Ra2f2 Nf3e5
35.Rf2d2 Qd4xe4
36.Qe7xd8 Kh7
37.Rd2d1 Qe4g4
38.Kh2 Qg4e2
39.Kh1 Qe2f3
40.Kh2 Qf3f2
41.Kh3 { draw }
1/2-1/2

[Event "Match"]
[Site "www.echecsemail.com"]
[Date "2017.09.03"]
[Round "1"]
[White "Paco"]
[Black "Azocarfreund"]
[WhiteElo "1970"]
[BlackElo "1969"]
[Result "0-1"]
[Round "1"]
1.e4 e5
2.Ng1f3 Nb8c6
3.Bf1c4 Ng8h6
4.Nf3g5 Qd8xg5
5.O-O d5
6.d4 Qg5g6
7.exd5 Nc6xd4
8.Bc4d3 Bc8f5
9.Rf1e1 Bf8d6
10.Bd3xf5 Nh6xf5
11.c3 Nd4b5
12.Qd1a4 a6
13.c4 O-O
14.cxb5 axb5
15.Qa4b3 Nf5h4
16.g3 b4
17.Kh1 Nh4f5
18.Nb1d2 Nf5d4
19.Nd2e4 Nd4xb3
20.Ne4xd6 Qg6xd6
21.Re1d1 Nb3xa1
{ resign }
0-1